Online
Catalog

Apéndices y mapas. (Record no. 40728)

MARC details
000 -CABECERA
campo de control de longitud fija 00373nam a2200133 a 4500
001 - NÚMERO DE CONTROL
campo de control 000041238
005 - FECHA Y HORA DE LA ÚLTIMA TRANSACCIÓN
campo de control 20201002034724.0
008 - DATOS DE LONGITUD FIJA--INFORMACIÓN GENERAL
campo de control de longitud fija 130927s20uu sp b 000 0 spa d
040 ## - FUENTE DE LA CATALOGACIÓN
Centro catalogador/agencia de origen DO-SdBNP
Lengua de catalogación spa
Centro/agencia transcriptor BNPHU
082 ## - NÚMERO DE LA CLASIFICACIÓN DECIMAL DEWEY
Número de clasificación xxxx
Número de documento/Ítem sxxx
245 00 - MENCIÓN DE TÍTULO
Título Apéndices y mapas.
260 ## - PUBLICACIÓN, DISTRIBUCIÓN, ETC.
Lugar de publicación, distribución, etc. [Madrid] :
Nombre del editor, distribuidor, etc. Consejo superior de Investigaciones,
Fecha de publicación, distribución, etc. [20uu].
300 ## - DESCRIPCIÓN FÍSICA
Extensión 13 p. :
Otras características físicas mapa ;
Dimensiones 30 cm.
Holdings
Estado de retiro Estado de pérdida Restricciones de uso No para préstamo Código de colección Localización permanente Ubicación/localización actual Ubicación en estantería Fecha de adquisición Número de inventario Total de préstamos Signatura topográfica completa Código de barras Fecha visto por última vez Precio válido a partir de Tipo de ítem Koha
      Excluido de préstamo Monografías: Libros y Folletos General General En catalogación 27.09.2013 LF1   xxxx sxxx 41238-10 25.06.2020 25.06.2020 No se presta

Powered by Koha